Bài tập cơ học lượng tử /

Sau khi cuốn Cơ học lượng tử của cùng tác giả ra đời, phản hồi của người đọc cho thấy không thể học "sử dụng" cơ học lượng tử nếu thiếu các ví dụ và bài tập tốt. hiện tại đã có nhiều sách bài tập tốt về cơ học lượng tu...

Volledige beschrijving

Bewaard in:
Bibliografische gegevens
Hoofdauteur: Nguyễn Hiền Tụng
Formaat: Boek
Taal:Vietnamese
Gepubliceerd in: H. : Nhà xuất bản Bách Khoa , 2010
Onderwerpen:
Tags: Voeg label toe
Geen labels, Wees de eerste die dit record labelt!
Thư viện lưu trữ: Thư viện Trường CĐ Kỹ Thuật Cao Thắng
LEADER 01904nam a2200301 a 4500
001 TVCDKTCT13896
003 Thư viện trường Cao đẳng Kỹ thuật Cao Thắng
005 20121126000000
008 121126
980 \ \ |a Thư viện Trường CĐ Kỹ Thuật Cao Thắng 
024 |a RG_1 #1 eb0 i1 
041 0 # |a vie 
082 # # |a 530.12076 /   |b B103T-n 
100 1 # |a Nguyễn Hiền Tụng 
245 0 0 |a Bài tập cơ học lượng tử /  |c Nguyễn Hiền Tụng 
260 # # |a H. :  |b Nhà xuất bản Bách Khoa ,  |c 2010 
300 # # |a 155tr. ;  |c 24cm 
520 # # |a Sau khi cuốn Cơ học lượng tử của cùng tác giả ra đời, phản hồi của người đọc cho thấy không thể học "sử dụng" cơ học lượng tử nếu thiếu các ví dụ và bài tập tốt. hiện tại đã có nhiều sách bài tập tốt về cơ học lượng tử bằng tiếng Việt nhưng vẫn còn có những tài liêu cần giúp cho những người lần đầu làm quen với cơ học lượng tử . bài tập này sẽ phần nào đáng ứng được yêu cầu đó. 
520 # # |a Bài tập cơ học lượng tử bao gồm 7 chương: 
520 # # |a Chương 1: Cơ sở. 
520 # # |a Chương 2: Phương trình Schrodinger. 
520 # # |a Chương 3: Cơ sở toán học của Cơ học lượng tử. 
520 # # |a Chương 4: Mômen động lượng-Chuyển động trong trường tâm đối xứng. 
520 # # |a Chương 5: Spin và Hệ hạt đồng chất. 
520 # # |a Chương 6: Các phương pháp gần đúng. 
520 # # |a Chương 7: Tán xạ. 
650 # 4 |a Cơ học lượng tử 
650 # 4 |a Tán xạ